Demonštrácia globálneho pokroku na príklade Slovenskej republiky bakalárska práca

Na minha lista:
Detalhes bibliográficos
Autor principal: Kováč, Jakub
Autor Corporativo: Národohospodárska fakulta EU. Katedra ekonómie
Outros Autores: Leško, Peter, 1989-
Formato: Livro
Idioma:eslovaco
Publicado em: Bratislava 2021
Tags: Adicionar Tag
Sem tags, seja o primeiro a adicionar uma tag!

MARC

LEADER 00000nbm a2200000 4500
001 0275284
005 20220121143808.9
041 0 |a slo 
044 |a SK 
245 1 0 |a Demonštrácia globálneho pokroku na príklade Slovenskej republiky  |b bakalárska práca  |c Jakub Kováč ; školiteľ: Peter Leško 
264 1 |a Bratislava  |c 2021 
300 |a 59 s. 
100 1 |a Kováč, Jakub 
700 1 |a Leško, Peter, 1989- 
710 2 |a Národohospodárska fakulta EU. Katedra ekonómie